Gemeinden im Kanton Wallis - Statistiken

Allgemein
  • Dieses Quiz wurde 54 mal gespielt
  • Das Durchschnittsergebnis liegt bei 48 aus 126
Antwortstatistiken
Bezirk Gemeinden % Korrekt
Leuk Brig-Glis
100%
Visp Visp
100%
Leuk Ried-Brig
97%
Leuk Leuk
94%
Martigny Martigny
91%
Martigny Martigny-Combe
91%
Visp Zermatt
91%
Sitten Sitten/Sion
88%
Siders Siders
84%
Goms Goms
78%
Westlich Raron Raron
78%
Monthey Monthey
72%
Visp Saas-Almagell
72%
Visp Saas-Balen
72%
Visp Saas-Fee
72%
Visp Saas-Grund
72%
Conthey Conthey
69%
Leuk Leukerbad
69%
Goms Fiesch
63%
Saint-Maurice Saint-Maurice
59%
Visp Täsch
59%
Siders Crans-Montana
53%
Östlich Raron Bitsch
50%
Leuk Naters
50%
Leuk Simplon
50%
Visp St.Niklaus
50%
Östlich Raron Bettmeralp
47%
Westlich Raron Blatten
47%
Leuk Gampel-Bratsch
47%
Visp Grächen
47%
Östlich Raron Riederalp
47%
Visp Visperterminen
47%
Leuk Turtmann-Unterems
44%
Westlich Raron Bürchen
41%
Westlich Raron Eischoll
41%
Goms Obergoms
41%
Visp Stalden
41%
Leuk Agarn
38%
Westlich Raron Ausserberg
38%
Goms Fieschertal
38%
Leuk Oberems
38%
Visp Randa
38%
Leuk Salgesch
38%
Visp Törbel
38%
Visp Zeneggen
38%
Leuk Albinen
34%
Leuk Eggerberg
34%
Leuk Inden
34%
Visp Lalden
34%
Östlich Raron Mörel-Filet
34%
Siders Saint-Léonard
34%
Martigny Saxon
34%
Leuk Varen
34%
Hérens Vex
34%
Conthey Ardon
31%
Visp Baltschieder
31%
Goms Bellwald
31%
Siders Chalais
31%
Monthey Collombey-Muraz
31%
Goms Ernen
31%
Hérens Evolène
31%
Westlich Raron Ferden
31%
Martigny Fully
31%
Goms Lax
31%
Martigny Riddes
31%
Martigny Saillon
31%
Hérens Saint-Martin
31%
Visp Staldenried
31%
Westlich Raron Steg-Hohtenn
31%
Leuk Termen
31%
Westlich Raron Unterbäch
31%
Westlich Raron Wiler (Lötschen)
31%
Monthey Champéry
28%
Visp Eisten
28%
Visp Embd
28%
Saint-Maurice Evionnaz
28%
Östlich Raron Grengiols
28%
Hérens Hérémence
28%
Westlich Raron Kippel
28%
Siders Lens
28%
Entremont Liddes
28%
Conthey Nendaz
28%
Westlich Raron Niedergesteln
28%
Entremont Orsières
28%
Monthey Port-Valais
28%
Sitten Savièse
28%
Martigny Trient
28%
Saint-Maurice Vernayaz
28%
Sitten Veysonnaz
28%
Brig Zwischbergen
28%
Siders Anniviers
25%
Hérens Ayent
25%
Entremont Bagnes
25%
Goms Binn
25%
Conthey Chamoson
25%
Siders Chippis
25%
Leuk Ergisch
25%
Leuk Guttet-Feschel
25%
Monthey Saint-Gingolph
25%
Monthey Troistorrent
25%
Monthey Vouvry
25%
Sitten Arbaz
22%
Östlich Raron Bister
22%
Martigny Bovernier
22%
Saint-Maurice Finhaut
22%
Siders Grône
22%
Siders Icogne
22%
Martigny Isérables
22%
Martigny Leytron
22%
Hérens Mont-Noble
22%
Saint-Maurice Salvan
22%
Entremont Sembrancher
22%
Conthey Vétroz
22%
Monthey Vionnaz
22%
Entremont Bourg-Saint-Pierre
19%
Martigny Charrat
19%
Saint-Maurice Dorénaz
19%
Sitten Grimisuat
19%
Monthey Val-d'illiez
19%
Saint-Maurice Collonges
16%
Saint-Maurice Massongex
16%
Siders Miège
16%
Saint-Maurice Vérossaz
16%
Siders Veyras
13%
Entremont Vollèges
9%
Siders Venthône
6%
Keine übereinstimmenden Quizze gefunden
Verteilung der Resultate
Anzahl Personen mit jedem Resultat
Perzentil nach korrekt beantworteten Fragen
Ihre Resultats-Entwicklung
Sie haben dieses Quiz noch nicht gespielt